| 000 | 00478nam a22001457a 4500 | ||
|---|---|---|---|
| 005 | 20250728115121.0 | ||
| 008 | 250728b |||||||| |||| 00| 0 eng d | ||
| 050 |
_aTHE HF 5549.5 .J63 N73 2015 _bC. 1 |
||
| 100 | _aNTABO, JACKLINE BITUTU | ||
| 245 |
_aAN EVALUATION OF CHALLENGES FACING SECRETARIAL SERVICES IN AN ORGANIZATION _bA CASE OF KIAMOKAMA TEA FACTORY |
||
| 260 |
_aKISII _bKSU _c2015 |
||
| 300 | _aIX, 43P.,ILL: | ||
| 500 | _aINCLUDES REFERENCES | ||
| 942 |
_2lcc _cREF |
||
| 999 |
_c215963 _d215963 |
||